书目信息 |
| 题名: |
斯大林
|
|
| 作者: | 解力夫 著 | |
| 分册: | 下 | |
| 出版信息: | 北京 世界知识出版社 2004 |
|
| 页数: | 256-511页 | |
| 开本: | 23cm | |
| 丛书名: | 世界名人画传 | |
| 单 册: | ||
| 中图分类: | A74 | |
| 科图分类: | ||
| 主题词: | 斯大林--生平事迹 | |
| 电子资源: | ||
| ISBN: | 7-5012-2317-3 | |
| 000 | 01029oam2 2200289 450 | |
| 001 | 1234540344 | |
| 005 | 20121004093655.71 | |
| 010 | @a7-5012-2317-3@b精装@dCNY58.00(全二册) | |
| 100 | @a20040802d2004 em y0chiy50 ea | |
| 101 | 0 | @achi |
| 102 | @aCN@b110000 | |
| 105 | @aa z 000yb | |
| 106 | @ar | |
| 200 | 1 | @a斯大林@e最新图文版@h下@f解力夫著@Asi dalin |
| 210 | @a北京@c世界知识出版社@d2004 | |
| 215 | @a256-511页@c插图@d23cm | |
| 225 | 2 | @a世界名人画传@e礼品珍藏版 |
| 330 | @a本书以名人画传的方式,介绍斯大林从投身革命到成为最高统帅的过程,记述其领导苏联近30年走过本国历史上最为艰难时期的成就与失败,客观评价其功过。 | |
| 461 | 0 | @1001002752980 |
| 510 | 1 | @aStalin@zeng |
| 600 | 0 | @a斯大林@c(Stalin, Joseph Vissarionovich@f1879-1953)@x传记 |
| 600 | 0 | @a斯大林@c(Stalin, Joseph Vissarionovich@f1879-1953) |
| 606 | 0 | @a斯大林@x生平事迹 |
| 690 | @aA74@v4 | |
| 701 | 0 | @a解力夫@f(1928~)@4著@Axie li fu |
| 801 | 0 | @aCN@b大连网信软件有限公司图书馆·11@c20121004 |
| 905 | @a10447@dA74@eJY3:2 | |
| 斯大林:最新图文版.下/解力夫著.-北京:世界知识出版社,2004 |
| 256-511页:插图;23cm .-(世界名人画传:礼品珍藏版 ) |
| ISBN 7-5012-2317-3(精装):CNY58.00(全二册) |
| 本书以名人画传的方式,介绍斯大林从投身革命到成为最高统帅的过程,记述其领导苏联近30年走过本国历史上最为艰难时期的成就与失败,客观评价其功过。 |
| ● |
| 相关链接 |
|
|
|
|
正题名:斯大林
索取号:A74/JY3:2
 
预约/预借
| 序号 | 登录号 | 条形码 | 馆藏地/架位号 | 状态 | 备注 |
| 1 | 7800448 | 278004482 | 学院路分馆/ [索取号:A74/JY3:2] | 在馆 | |
| 2 | 7800449 | 278004491 | 学院路分馆/ [索取号:A74/JY3:2] | 在馆 | |
| 3 | 7800450 | 278004507 | 学院路分馆/ [索取号:A74/JY3:2] | 在馆 | |
| 4 | 7800451 | 278004516 | 学院路分馆/ [索取号:A74/JY3:2] | 在馆 |